Dans la maison A-Z - Statistiques

Statistiques générales
  • Ce quiz a été pris 178 fois
  • Le résultat moyen est 18 sur 26
Statistiques - réponses
Lettres Définition Réponse % Correct
A On y met les vêtements à l'intérieur après les avoir pliés Armoire
99%
B Indispensable pour travailler, et y poser son PC ou documents Bureau
99%
F Il permet de faire chauffer les gâteaux notamment Four
99%
D On aime en prendre une, surtout après le travail ou le sport Douche
92%
E Dans les cuisines d'aujourd'hui, celui ci est composé de 2 trous pour la vaisselle Évier
92%
O Notre tête est en contact avec lui sur notre lit Oreiller
92%
P C'est la même que ce soit entrée ou sortie Porte
92%
T Basse ou haute on y mange dessus Table
92%
M Grâce à lui, on peut admirer notre beauté... ou pas Miroir
91%
L Elle éclaire souvent une petite partie de la pièce en appuyant sur son bouton Lampe
85%
N On y pose les couverts et autres porcelaines sur sur bout de tissu Nappe
84%
W Elle accompagne l'ordinateur pour permettre les visioconférence notamment Webcam
79%
G Indispensable, pour chauffer plusieurs choses à la fois, elle est relié à un certaincombustible Gazinière
78%
K On dit cette marque pour remplacer le mouchoir en papier Kleenex
78%
U Une cuillère, une râpe, un économe, un écumoire en sont Ustensiles
78%
R Cette appareil maintient les aliments au frais Réfrigérateur
77%
Y Nom de ce laitage, dont la date de péremption est courte Yaourt
77%
H Posée sur un mur 24h sur 24h Horloge
68%
I Synonyme de photo, que l'on peut encadré pour décorer et se souvenir Image
67%
S On peut les baisser ou les monter, avec ou sans domotique Stores
64%
V On peut les nettoyer, mais attention de ne pas les casser Vitres
47%
J Souvent dans le garage, on le rempli au préalable, pour pas être en panne Jerrican
45%
C On en a souvent un, mais elles on en a plusieurs Canapé / Chaises
21%
Q Ces objets sont souvent métalliques et façonnés pour la décoration Quincaillerie
8%
Z Autre nom de la télécommande Zappeur
7%
X Fragment de roche inclus dans une autre donnant une architecture particulière pour une maison en pierre par exemple Xénolithe
5%
Aucun quiz correspondant
Distribution des résultats
% des personnes avec chaque résultat
Percentile par nombre de réponses
Votre historique - résultats
Vous n’avez pas pris ce quiz